| 000 | 00603nam a2200193 i 4500 | ||
|---|---|---|---|
| 001 | 95095 | ||
| 003 | ES-MaACL | ||
| 005 | 20230906181631.0 | ||
| 007 | t| | ||
| 008 | 050523s1930 sp ||||1| spa d | ||
| 100 | 1 |
_aLudwig, Emil. _974618 |
|
| 245 | 1 | 0 |
_aJulio 1914 _b: el mes trágico / _cEmil Ludwig ; traducción del alemán por Ricardo Baeza. |
| 260 |
_aBarcelona : _bJuventud, _c1930. |
||
| 300 |
_a255 p. ; _c19 cm. |
||
| 651 | 4 |
_aEuropa- _xHistoria- _y914, Crisis de julio. _9165147 |
|
| 700 | 1 |
_aBaeza, Ricardo, _d1890-1956 _924620 |
|
| 852 |
_aES-MaACL _jB-4240 |
||
| 999 |
_c95095 _d95095 |
||